| 000 | 00436nam a2200109Ia 4500 | ||
|---|---|---|---|
| 008 | 171212s9999 xx 000 0 und d | ||
| 100 | _aKalra, Nidhi;Paddock, Susan M. | ||
| 245 |
_cKalra, Nidhi;Paddock, Susan M. _aDriving to Safety _bHow Many Miles of Driving Would It Take to Demonstrate Autonomous Vehicle Reliability? |
||
| 260 |
_bRAND Corporation _c2016 |
||
| 650 | _aBusiness | ||
| 856 | _uhttp://jstor.org/stable/10.7249/j.ctt1btc0xw | ||
| 999 |
_c351971 _d351971 |
||